| Tag |
First Indicator |
Second Indicator |
Subfields |
| LEADER |
00000cam a2200000 i 4500 |
| 001 |
in00002405607 |
| 005 |
20240304192711.0 |
| 008 |
080916t20082008enk b 001 0 eng |
| 010 |
|
|
|a 2008300186
|
| 015 |
|
|
|a GBA751367
|2 bnb
|
| 016 |
7 |
|
|a 013783959
|2 Uk
|
| 019 |
|
|
|a 231881342
|a 244980932
|a 1079941271
|a 1084864025
|a 1084935998
|a 1086258281
|a 1088479199
|a 1089983620
|
| 020 |
|
|
|a 9780745640518
|q (hardback)
|
| 020 |
|
|
|a 0745640516
|q (hardback)
|
| 020 |
|
|
|a 0745640524
|q (paperback)
|
| 020 |
|
|
|a 9780745640525
|q (paperback)
|
| 029 |
1 |
|
|a AU@
|b 000043150906
|
| 029 |
1 |
|
|a AU@
|b 000043623160
|
| 029 |
1 |
|
|a CHDSB
|b 005327870
|
| 029 |
1 |
|
|a CHNEW
|b 000558696
|
| 029 |
1 |
|
|a CHSLU
|b 000906090
|
| 029 |
1 |
|
|a CHVBK
|b 028644735
|
| 029 |
1 |
|
|a CHVBK
|b 035050608
|
| 029 |
1 |
|
|a CHVBK
|b 106221272
|
| 029 |
1 |
|
|a HEBIS
|b 210676132
|
| 029 |
1 |
|
|a NZ1
|b 12133365
|
| 029 |
1 |
|
|a NZ1
|b 12414808
|
| 035 |
|
|
|a (OCoLC)ocn230703120
|
| 035 |
|
|
|a (OCoLC)230703120
|z (OCoLC)231881342
|z (OCoLC)244980932
|z (OCoLC)1079941271
|z (OCoLC)1084864025
|z (OCoLC)1084935998
|z (OCoLC)1086258281
|z (OCoLC)1088479199
|z (OCoLC)1089983620
|
| 040 |
|
|
|a UKM
|b eng
|e rda
|c DLC
|d UKM
|d EQO
|d BWK
|d BWX
|d BAKER
|d VP@
|d TOZ
|d ALAUL
|d OCLCQ
|d BDX
|d OCLCF
|d OCLCQ
|d CHVBK
|d OCLCQ
|d WLU
|d DHA
|d OCLCQ
|d CEF
|d TKN
|d CNO
|d OCLCQ
|d EUQ
|d OCLCQ
|d QE2
|d UKNRU
|d OCLCQ
|d U9X
|d OCLCO
|d CUF
|d OCLCO
|d OCLCL
|d OCLCQ
|
| 041 |
0 |
|
|a eng
|b fre
|
| 042 |
|
|
|a ukblsr
|a lccopycat
|
| 050 |
0 |
0 |
|a HV640
|b .A4313 2008
|
| 082 |
0 |
4 |
|a 362.87
|2 22
|
| 084 |
|
|
|a HC 1330 AGI.
|2 uk-btusl
|
| 100 |
1 |
|
|a Agier, Michel,
|d 1953-
|e author.
|1 https://id.oclc.org/worldcat/entity/E39PBJfCvJ8QXGB7rGy3PTVpyd
|
| 240 |
1 |
0 |
|a Aux bords du monde, les réfugiés.
|l English
|
| 245 |
1 |
0 |
|a On the margins of the world :
|b the refugee experience today /
|c Michel Agier ; translated by David Fernbach.
|
| 246 |
3 |
0 |
|a Refugee experience today
|
| 250 |
|
|
|a English edition
|
| 264 |
|
1 |
|a Cambridge, UK ;
|a Malden, MA :
|b Polity,
|c [2008]
|
| 264 |
|
4 |
|c ©2008
|
| 300 |
|
|
|a ix, 118 pages ;
|c 21 cm
|
| 336 |
|
|
|a text
|b txt
|2 rdacontent
|
| 337 |
|
|
|a unmediated
|b n
|2 rdamedia
|
| 338 |
|
|
|a volume
|b nc
|2 rdacarrier
|
| 504 |
|
|
|a Includes bibliographical references (pages 112-115) and index.
|
| 505 |
0 |
|
|a Preface to the English edition / Michel Agier -- Introduction -- Bruised population -- The desert, the camp, the city -- The right to life -- Conclusion: What refugees need is fame.
|
| 520 |
|
|
|a "Fifty million people in the world today are victims of forced relocation caused by wars and violence. Whole new countries are being created, occupied by Afghan refugees, displaced Columbians, deported Rwandans, exiled Congolese, fleeing Iraqis, Chechens, Somalians and Sudanese who have witnessed wars, massacres, aggression and terror. New populations appear, defined by their shared conditions of fear and victimhood and by their need to survive outside of their homelands. Their lives are marked by the daily trudge of dislocation, refugee camps, humanitarian help and the never-ending wait. These populations are the emblems of a new human condition which takes shape on the very margins of the world. In this remarkable book Michel Agier sheds light on this process of dislocation and quarantine which is affecting an ever-growing proportion of the world's population. He describes the experience of these people, speaking of their pain and their plight but also criticising their victimization by the rest of the world. Agier analyses the ambiguous and often tainted nature of identities shaped in and by conflicts, but also the process taking place in the refugee camp itself, which allows refugees and the deported to create once again a sense of community and of shared humanity."--Book cover.
|
| 520 |
|
|
|a Translated from French.
|
| 650 |
|
0 |
|a Refugees.
|
| 650 |
|
2 |
|a Refugees
|
| 650 |
|
6 |
|a Réfugiés.
|
| 650 |
|
7 |
|a refugees.
|2 aat
|
| 650 |
|
7 |
|a Refugees.
|2 fast
|0 (OCoLC)fst01092797
|
| 650 |
|
7 |
|a Flüchtling
|2 gnd
|
| 650 |
|
7 |
|a Internationaler Vergleich
|2 gnd
|
| 650 |
|
7 |
|a Social group discrimination.
|2 itrt
|
| 650 |
|
7 |
|a Social conditions.
|2 itrt
|
| 758 |
|
|
|i has work:
|a On the margins of the world (Text)
|1 https://id.oclc.org/worldcat/entity/E39PCFDMvRXpJXFH8qtVWMC9cP
|4 https://id.oclc.org/worldcat/ontology/hasWork
|
| 776 |
0 |
8 |
|i Online version:
|a Agier, Michel, 1953-
|s Aux bords du monde, les réfugiés. English.
|t On the margins of the world.
|b English ed.
|d Cambridge, UK ; Malden, MA : Polity, ©2008
|w (OCoLC)608986064
|
| 776 |
0 |
8 |
|i Online version:
|a Agier, Michel, 1953-
|s Aux bords du monde, les réfugiés. English.
|t On the margins of the world.
|b English ed.
|d Cambridge, UK ; Malden, MA : Polity, ©2008
|w (OCoLC)609329999
|
| 938 |
|
|
|a Blackwell Book Service UK
|b BBUK
|n L1789076
|c 40.00
|
| 938 |
|
|
|a Baker & Taylor
|b BKTY
|c 49.95
|d 49.95
|i 0745640516
|n 0007321008
|s active
|
| 938 |
|
|
|a Brodart
|b BROD
|n 07748582
|c $49.95
|
| 948 |
|
|
|h HELD BY TXA - 284 OTHER HOLDINGS
|
| 994 |
|
|
|a Z0
|b TXA
|
| 999 |
f |
f |
|s c00c72ca-a4b4-3f59-ab62-68dfad4a772b
|i 9d208227-78e9-363f-a7d5-50b2116645b3
|t 0
|
| 952 |
f |
f |
|p ric
|a Texas A&M University
|b Rellis Campus
|c Joint Library Facility
|d Remote Storage
|t 0
|e HV640 .A4313 2008
|h Library of Congress classification
|i unmediated -- volume
|m A14836723633
|
| 998 |
f |
f |
|a HV640 .A4313 2008
|t 0
|l Remote Storage
|